1612 1491 1236 1774 1409 1608 1143 1627 1133 1475 1210 1404 1461 1354 1319 1495 1335 1106 1062 1601 1789 1472 1696 1935 1949 1765 1382 1418 1422 1907 1599 1673 1387 1505 1661 1921 1315 1382 1493 1841 1726 1600 1775 1953 1790 1939 1260 1322 1392 1095 1933 1502 1410 1260 1199 1344 1707 1034 1962 1679 1846 1140 1229 1752 1289 1673 1865 1470 1058 1178 1832 1183 1466 1019 1204 1179 1315 1155 1782 1165 1755 1293 1013 1895 1494 1329 1595 1864 1731 1490 1582 1986 1990 1442 1048 1842 1445 1423 1899 BCNSPRNW ULIB Ver.6.0+V

เปลี่ยนเป็นภาษาไทย

Change to English
 แสดงรายละเอียดบรรณานุกรม
  กลับหน้าหลัก

Brief Record : Get Marc (ISO 2709) : E-mail record : QR code < ปิดหน้าต่าง
LEADER : 00000nam 2200000uu 4500
001    13399126468
003     ULIB
008    180918s2560||||th 000 0 tha d
020    ^a9786160437832
050 ^a ^aLC94.T5 ^bย626ฝ
100 ^a ^aยะมะซะกิ, อะกะชิ
245 ^a ^aฝึกคิดเป็นเหตุเป็นผล / ^cAkashi Yamazaki, เขียน ; อังคณา รัตนจันทร์, แปล
250 ^a ^aพิมพ์ครั้งที่ 1
260 ^a ^aกรุงเทพฯ : ^bนานมีบุ๊คส์, ^c2560
300 ^a ^a128 หน้า : ^bภาพประกอบ
440 ^a ^aทักษะการทำงาน ฝึกได้ตั้งแต่วัยเรียน
650 ^a ^aการคิดและความคิด
700 ^a อังคณา รัตนจันทร์, ^eผู้แปล
945    ^p245^l0^i26683
999    ^aกัณชพร จุลอักษร
รายการนี้ยังไม่มีแท็ก
คุณยังไม่ได้ล็อกอิน คุณสามารถมีกิจกรรมร่วมกับเว็บไซต์ได้ แต่ต้องล็อกอินก่อน ::
  ล็อกอิน

รายการสื่อสารสนเทศ

ลำดับที่ ประเภท เลขเรียก/บาร์โค้ด สถานที่ สถานะ
1. วิทยาศาสตร์การแพทย์ และสุขภาพ
วิทยาศาสตร์การแพทย์ และสุขภาพ
LC94.T5 ย626ฝ ฉ.1 
  Barcode: 26683
ห้องสมุดวิทยาเขตนครสวรรค์
►หนังสือทั่วไป:l:General Books
บนชั้น

รายการใกล้เคียง
    ผู้แต่ง [ยะมะซะกิ, อะกะชิ]

    หัวเรื่อง [การคิดและความคิด]

BibComment


ยังไม่เคยถูกคอมเมนท์

คอมเมนท์ทรัพยากรรายการนี้
  คอมเมนท์: ฝึกคิดเป็นเหตุเป..


 Copyright 2026. Bcnsprnw @Library